| 000 | 00000nam##2200000za#4500 |
| 001 | 9.579342 |
| 003 | CaOODSP |
| 005 | 20210624190522 |
| 007 | cr ||||||||||| |
| 008 | 150406|2001||||xxc|||||o f|0| 0 eng|d |
| 022 | |a1488-5379 |
| 040 | |aCaOODSP|beng |
| 043 | |an-cn--- |
| 086 | 1 |aFs97-6/2386E-PDF |
| 110 | 1 |aCanada. |bDepartment of Fisheries and Oceans. |
| 245 | 10|aProceedings of the Seventh Canadian Workshop on Harmful Marine Algae / |h[electronic resource]|c[by] J.N.C. (Ian) Whyte (Editor) |
| 260 | |aNanaimo - British Columbia : |bFisheries and Oceans Canada |c2001. |
| 300 | |a182p.|bfigs. (some coloured), references |
| 490 | 1 |aCanadian technical report of fisheries and aquatic sciences|x1488-5379|vNo. 2386 |
| 500 | |aOn t.p.: Pacific Biological Station, Nanaimo, British Columbia. |
| 546 | |a(Résumé en français) |
| 590 | |a14-06-Supp|b2014-03-21 |
| 720 | 1 |aWhyte, J. N. C. |
| 830 | #0|aCanadian technical report of fisheries and aquatic sciences,|x1488-5379|vNo. 2386|w(CaOODSP)9.504449 |
| 856 | 40|ahttp://publications.gc.ca|qPDF|s3649 KB|uhttps://publications.gc.ca/collections/collection_2014/mpo-dfo/Fs97-6-2386-eng.pdf|yNo. 2386 |